000 00385pab a2200145 454500
008 180718b2002 xxu||||| |||| 00| 0 eng d
100 _aArora, Balwinder
245 _aEnvironmental management - need for national agenda
260 _c2002
300 _ap.55-76.
362 _aApr
650 _aEnvironmental management
773 _aGuru Nanak Journal of Sociology
909 _a57465
999 _c57465
_d57465